Central Library OPAC University of Rajshahi

Landform studies from Australia and New Guinea; (Record no. 10548)

MARC details
000 -LEADER
fixed length control field 00952cam a22002771 4500
001 - CONTROL NUMBER
control field 10548
003 - CONTROL NUMBER IDENTIFIER
rucl marc code BD-RjUL
005 - DATE AND TIME OF LATEST TRANSACTION
control field 20211208234956.0
008 - FIXED-LENGTH DATA ELEMENTS--GENERAL INFORMATION
fixed length control field 140125s1967 enkabf b 001 0 eng
035 ## - SYSTEM CONTROL NUMBER
System control number (BD-RjUL)10596
System control number (OCoLC)3145877
040 ## - CATALOGING SOURCE
Original cataloging agency DLC
Transcribing agency TNJ
Modifying agency OCoLC
-- DLC
-- BD-RjUL
Language of cataloging eng
041 ## - LANGUAGE CODE
Language code of text/sound track or separate title eng
082 ## - DEWEY DECIMAL CLASSIFICATION NUMBER
Classification number 551.40994
Author mark and year LAN 1967
245 10 - TITLE STATEMENT
Title Landform studies from Australia and New Guinea;
Statement of responsibility, etc. edited by J.N. Jennings and J.A. Mabbutt, with a foreword by Professor E.S. Hills.
260 ## - PUBLICATION, DISTRIBUTION, ETC. (IMPRINT)
Place of publication, distribution, etc. Cambridge ;
-- London :
Name of publisher, distributor, etc. Cambridge U.P.,
Date of publication, distribution, etc. c1967.
300 ## - PHYSICAL DESCRIPTION
Pagination xxiii, 434 p. :
Illustrations 36 plates, maps, tables. diagrs. ;
Size 24 cm.
504 ## - BIBLIOGRAPHY, ETC. NOTE
Bibliography, etc Includes bibliographies and index.
650 #0 - SUBJECT ADDED ENTRY--TOPICAL TERM
Topical term or geographic name as entry element Physical geography
Geographic subdivision Australia.
9 (RLIN) 32607
Topical term or geographic name as entry element Physical geography
Geographic subdivision New Guinea.
9 (RLIN) 32608
700 1# - ADDED ENTRY--PERSONAL NAME
Personal name Jennings, J. N.
Personal name Mabbutt, J. A.
942 ## - ADDED ENTRY ELEMENTS (KOHA)
Source of classification or shelving scheme Dewey Decimal Classification
Koha item type Books
Holdings
Lost status Source of classification or shelving scheme Damaged status Not for loan Collection code Permanent Location Current Location Shelving location Date acquired Source of acquisition Cost, normal purchase price Total Checkouts Full call number Date last seen Copy number Koha item type
  Dewey Decimal Classification     Non-fiction Central Library, University of Rajshahi Central Library, University of Rajshahi   29/07/1971 Zeitlinger 105.00   551.40994 LAN 1967 25/01/2014 C-3 Books
  Dewey Decimal Classification     Non-fiction Central Library, University of Rajshahi Central Library, University of Rajshahi   29/07/1971 Zeitlinger 105.00   551.40994 LAN 1967 17/05/2017 C-2 Books
  Dewey Decimal Classification   Not For Loan Non-fiction Central Library, University of Rajshahi Central Library, University of Rajshahi Reading Room 08/12/2021 Zeitlinger 105.00   551.40994 LAN 1967 17/05/2017 C-1 Books